Vista normal
Vista MARC
Entrada Personal Name
Número de registros utilizados en: 2
001 - CONTROL NUMBER
- control field: 16059
003 - CONTROL NUMBER IDENTIFIER
- control field: DLC
005 - DATE AND TIME OF LATEST TRANSACTION
- control field: 20250828094502.0
008 - FIXED-LENGTH DATA ELEMENTS
- fixed length control field: 811204n| azannaabn |a aaa
010 ## - LIBRARY OF CONGRESS CONTROL NUMBER
- LC control number: n 81090703
035 ## - SYSTEM CONTROL NUMBER
- System control number: (OCoLC)oca00635905
040 ## - CATALOGING SOURCE
- Original cataloging agency: DLC
- Language of cataloging: spa
- Description conventions: rda
- Transcribing agency: Mx-PuUPA
- Modifying agency: DLC
- Modifying agency: UPB
- Modifying agency: CLU
- Modifying agency: Mx-PuUPA
046 ## - SPECIAL CODED DATES
- Birth date: 1932
- Death date: 2019
- Source of date scheme: edtf
100 1# - HEADING--PERSONAL NAME
- Personal name: Cotler, Julio
- Dates associated with a name: 1932-2019
370 ## - ASSOCIATED PLACE
- Associated country: Perú
- Source of term: naf
372 ## - FIELD OF ACTIVITY
- Field of activity: Sociología
- Field of activity: Antropología
- Source of term: lcsh
373 ## - ASSOCIATED GROUP
- Associated group: Universidad de Burdeos
- Source of term: naf
373 ## - ASSOCIATED GROUP
- Associated group: Universidad Nacional Mayor de San Marcos
- Source of term: naf
373 ## - ASSOCIATED GROUP
- Associated group: Instituto de Estudios Peruanos
- Source of term: naf
374 ## - OCCUPATION
- Occupation: Profesor universitario
- Occupation: Autor
- Source of term: lcsh
375 ## - GENDER
- Gender: hombre
377 ## - ASSOCIATED LANGUAGE
- Language code: spa
378 ## - FULLER FORM OF PERSONAL NAME
- Fuller form of personal name: Cotler Dolberg
400 1# - SEE FROM TRACING--PERSONAL NAME
- Personal name: Cotler Dolberg, Julio
- Dates associated with a name: 1932-2019
400 1# - SEE FROM TRACING--PERSONAL NAME
- Personal name: Dolberg, Julio Cotler
- Dates associated with a name: 1932-2019
670 ## - SOURCE DATA FOUND
- Source citation: His Los cambios en la propiedad, la comunidad y la familia en San Lorenzo de Quinti, 1959.
670 ## - SOURCE DATA FOUND
- Source citation: Asociación Civil Transparencia WWW site, July 5, 2007:
- Information found: Asamblea (Julio Cotler Dolberg; dr. in sociology, Univ. de Bordeaux; bachelor in anthro., Univ. Nac. Mayor de San Marcos; principal investigator, Inst. de Estudios Peruanos; prof., UNMSM)
670 ## - SOURCE DATA FOUND
- Source citation: La tentación autoritaria, 2023:
- Information found: title page (Julio Cotler) front flap (Julio Cotler Dolberg; born 1932; died 2019; Peruvian; son of Moldovan immigrants; social scientist, anthropologist, sociologist, political scientist)